BIBLIOTECA

SENCICO

Gestión de proyectos complejos : (Registro nro. 5024)

Detalles MARC
000 -LEADER
fixed length control field 01606nam a22002897a 4500
003 - CONTROL NUMBER IDENTIFIER
control field PE SENCICO BE
005 - DATE AND TIME OF LATEST TRANSACTION
control field 20251020182709.0
008 - FIXED-LENGTH DATA ELEMENTS--GENERAL INFORMATION
fixed length control field 241212b |||||||| |||| 00| 0 eng d
020 ## - INTERNATIONAL STANDARD BOOK NUMBER
International Standard Book Number 978-84-368-2986-0
040 ## - CATALOGING SOURCE
Original cataloging agency PE SENCICO BE
Transcribing agency PE SENCICO BE
041 ## - LANGUAGE CODE
Language code of text/sound track or separate title spa
082 ## - DEWEY DECIMAL CLASSIFICATION NUMBER
Classification number 658.404
Item number B23
100 1# - MAIN ENTRY--PERSONAL NAME
9 (RLIN) 2755
Personal name Barceló, Miquel
Relator term autor
245 1# - TITLE STATEMENT
Title Gestión de proyectos complejos :
Remainder of title una guía para la innovación y el emprendimiento /
Statement of responsibility, etc. Miquel Barceló, Sergi Guillot
250 ## - EDITION STATEMENT
Edition statement [1a ed.]
260 ## - PUBLICATION, DISTRIBUTION, ETC.
Place of publication, distribution, etc. Madrid :
Name of publisher, distributor, etc. Pirámide ;
Date of publication, distribution, etc. 2013
300 ## - PHYSICAL DESCRIPTION
Extent 215 p. :
Other physical details diagrs. ;
Dimensions 23 cm.
504 ## - BIBLIOGRAPHY, ETC. NOTE
Bibliography, etc. note Bibliografía: p. 213-215
505 0# - FORMATTED CONTENTS NOTE
Formatted contents note La GPC: diez factores básicos: Factor 1. Modelo -- Factor 2. Objetivos -- Factor 3. Innovación -- Factor 4. Instrumentos -- Factor 5. Entorno -- Factor 6. Equipo humano -- Factor 7. Alianzas -- Factor 8. Tiempo -- Factor 9. Marketing y comunicación -- Factor 10. Gestión de crisis -- Un ejemplo de GPC: El proyecto 22@Barcelona
520 3# - SUMMARY, ETC.
Summary, etc. Esta obra aporta soluciones y consejos a los problemas actuales del management introduciendo elementos propios de la gestión de proyectos complejos. Los autores a partir de su experiencia práctica en la gestión y de las reflexiones aportadas por distintos expertos durante los últimos años, proponen un nuevo enfoque de la gestión empresarial basado en la gestión de proyectos complejos.
650 10 - SUBJECT ADDED ENTRY--TOPICAL TERM
9 (RLIN) 14
Topical term or geographic name entry element Evaluación de proyectos
650 20 - SUBJECT ADDED ENTRY--TOPICAL TERM
9 (RLIN) 2756
Topical term or geographic name entry element Trabajo en equipo
650 20 - SUBJECT ADDED ENTRY--TOPICAL TERM
9 (RLIN) 2757
Topical term or geographic name entry element Emprendimiento
700 1# - ADDED ENTRY--PERSONAL NAME
9 (RLIN) 2758
Personal name Guillot, Sergi
Relator term autor
910 ## - USER-OPTION DATA (OCLC)
-- hfp
-- hfp
942 ## - ADDED ENTRY ELEMENTS (KOHA)
Source of classification or shelving scheme Dewey Decimal Classification
Koha item type Libros
Existencias
Fecha de la última vez que lo usaron Pago total Signatura topográfica completa Código de barras Precio efectivo desde Tipo de documento Estado perdido Sistema de clasificación Estado dañado No es para préstamo Retirado Ubicación permanente Ubicación actual Fecha de adquisición
12/12/2024   658.404/B23 BibLima24120021 12/12/2024 Libros   Dewey Decimal Classification       Biblioteca Central Lima Biblioteca Central Lima 12/12/2024